| 000 | 01037cam a2200289 a 4500 | ||
|---|---|---|---|
| 001 | 3376 | ||
| 003 | FISKH | ||
| 005 | 20240306150646.0 | ||
| 008 | 940513s1995 nyu 000 1 eng | ||
| 010 | _a 94012840 | ||
| 020 | _a0679420231 | ||
| 040 |
_aDLC _beng _cDLC _dDLC _dOCoLC _dDLC |
||
| 050 | 0 | 0 |
_aPS3569.M39 _bM66 1995 |
| 082 | 0 | 0 |
_a813/.54 _220 |
| 100 | 1 | _aSmiley, Jane. | |
| 245 | 1 | 0 |
_aMoo / _cA novel by Jane Smiley. |
| 260 |
_aNew York : _bAlfred A. Knopf, _c1995. |
||
| 300 |
_a414 pages ; _c24 cm |
||
| 520 | _aA satire on university life, describing the rackets and the intellectual dishonesty that goes on. The setting is the U of Moo where research into the destruction of rain forests is tailored to suit the corporation funding the project. By the author of A Thousand Acres. | ||
| 650 |
_aAmerican _vFiction |
||
| 655 | 7 |
_aCollege stories. _2lcsh |
|
| 655 | 7 |
_aSatire. _2lcsh |
|
| 655 | 7 |
_aHumorous stories. _2gsafd |
|
| 906 |
_a7 _bcbc _corignew _d1 _eocip _f19 _gy-gencatlg |
||
| 942 |
_2ddc _cBK _n0 |
||
| 999 |
_c3376 _d3376 |
||